|
|
|
|
| LEADER |
00000cam a2200000 a 4500 |
| 001 |
vtls001065369 |
| 003 |
SK-MaSNL |
| 005 |
20260425224617.0 |
| 008 |
240226s1990 xo oab gr 000 0 ger |
| 015 |
|
|
|a SNBA1990/03
|
| 020 |
|
|
|a 8070962011
|q (brožované)
|
| 035 |
|
|
|a SNK000008199
|
| 035 |
|
|
|a urn:nbn:sk:snk-amjaog
|
| 035 |
|
|
|a urn:nbn:sk:snk-am003py3
|
| 035 |
|
|
|a 261549E3-1C13-45CD-A8C0-586AA59B47FC
|
| 040 |
|
|
|a SNK
|b slo
|c SNK
|e AACR2
|
| 041 |
0 |
|
|a ger
|
| 043 |
|
|
|a e-xo---
|
| 044 |
|
|
|a xo
|c SK
|
| 072 |
|
7 |
|a 640.4
|x Hotelierstvo. Stravovanie
|2 konspekt
|
| 080 |
|
|
|a 338.488.2
|2 2011
|
| 080 |
|
|
|a (437.6)
|2 2011
|
| 080 |
|
|
|a (084.12)
|2 2011
|
| 080 |
|
|
|a (036)913
|2 2011
|
| 245 |
0 |
0 |
|a Autocamping in der Slowakei
|c [zostavil: Dušan Benický ; texty napísali: Štefan Šolty ... [et al.] ; snímky: Bedrich Schreiber ... [et al.]]
|
| 260 |
|
|
|a Bratislava
|b Šport
|c 1990
|
| 300 |
|
|
|a 128 strán
|b farebné fotografie, ilustrácie, mapy
|c 21 cm
|
| 500 |
|
|
|a Vydalo Ministerstvo obchodu a cestovného ruchu Slovenskej republiky
|
| 500 |
|
|
|a Názov z obalu. Vysvetlivky
|
| 650 |
0 |
7 |
|a kempingy
|2 SNKPH
|9 756
|
| 651 |
|
7 |
|a Slovensko
|2 SNKPHgeo
|9 14231
|
| 655 |
|
7 |
|a turistickí sprievodcovia (publikácie)
|2 SNKPH
|9 191298
|
| 655 |
|
7 |
|a fotografické publikácie
|2 SNKPH
|9 70483
|
| 700 |
1 |
|
|a Benický, Dušan,
|d 1953-
|4 com
|9 5064
|
| 700 |
1 |
|
|a Šolty, Štefan,
|d 1915-2000
|4 aut
|9 193306
|
| 700 |
1 |
|
|a Schreiber, Bedrich,
|d 1926-1997
|4 pht
|9 160288
|
| 710 |
1 |
|
|a Ministerstvo obchodu a cestovného ruchu Slovenskej republiky
|4 pbl
|9 375564
|
| 852 |
|
|
|a Slovenská národná knižnica
|
| 919 |
|
|
|a 80-7096-201-1
|
| 954 |
|
|
|a iná literatúra (príručky, kuchárske knihy, hobby literatúra, sprievodcovia) pôvodná (slovenská)
|2 lita
|
| 954 |
|
|
|a obrazové publikácie zamerané na výtvarné umenie a fotografiu pôvodné (slovenské)
|2 lita
|
| 958 |
|
|
|a RK
|
| 958 |
|
|
|a TL
|
| 958 |
|
|
|a DE
|
| 958 |
|
|
|a OND
|
| 999 |
|
|
|c 618584
|d 620514
|
| 952 |
|
|
|a SNK
|b SNK
|y VYP
|7 0
|p 17A0330949
|o snkSC 79842 D1
|i snkKSP 5324/91
|0 0
|1 0
|4 0
|d 2002-02-04
|f 1
|l 0
|r 2004-12-31 00:00:00
|w 2026-02-23
|
| 952 |
|
|
|a SNK
|b SNK
|y PREZ
|7 0
|p 17A0945882
|o snkSC 79842
|0 0
|1 0
|4 0
|d 2012-08-09
|l 0
|r 2025-08-11 00:00:00
|w 2026-02-23
|